Youngest countries in the world - Statistics

General Stats
  • This quiz has been taken 174 times
  • The average score is 17 of 30
Answer Stats
Total Answer % Correct
46.5 South Sudan
81%
49.6 Niger
76%
43.9 Nigeria
72%
45.3 Congo (Republic)
70%
42.5 Kenya
68%
44.5 Somalia
68%
42.0 Sudan
68%
45.6 Chad
66%
47.1 Mali
66%
46.3 Ethiopia
65%
43.9 Angola
64%
42.6 Rwanda
62%
49.8 Uganda
62%
42.2 Gabon
60%
43.0 Senegal
59%
45.8 Burundi
58%
42.4 Guinea
58%
46.7 Zambia
58%
43.0 Madagascar
56%
45.7 Mozambique
56%
44.1 Liberia
55%
44.4 Benin
53%
44.9 Malawi
53%
45.7 Burkina Faso
52%
43.9 Congo (Dem. Rep.)
51%
42.5 Yemen
41%
42.2. Comoros
39%
43.2 Afghanistan
36%
44.4. Sao Tome and Principe
27%
42.0 Tokelau
5%
No matching quizzes found
Score Distribution
Percent of People with Each Score
Percentile by Number Answered
Your Score History
You have not taken this quiz